01633nam a2200409 i 450000100060000000300080000600500170001400600190003100700150005000800410006502000270010603500230013303500240015603500250018003500220020504000310022705000220025808000140028008200160029410000410031024501980035126400490054930000590059833600310065733700330068833800430072150201020076450400430086658801250090965000120103465000180104665000110106465000150107565500270109070000440111785600620116125135FlNmELB20241216215810.0m o d | cr cnu||||||||160311s2015 cu a ob 000 0 spa d a9789591628794 (e book) a(MiAaPQ)EBC4310292 a(Au-PeEL)EBL4310292 a(CaPaEBR)ebr11138431 a(OCoLC)1105881730 aFINmELBbspaerdacFINmELB 4aRE938bL2964 2015 a617.753.20 a617.7552231 aLantigua Maldonado, Isabel Cristina.10aUtilidad de las modificaciones de los criterios quirúrgicos del LASIK miópico /cautor: Dra. Isabel Cristina Lantigua Maldonado ; tutor: Prof. Tít. , Dr. C. Juan Raúl Hernández Silva. 1aLa Habana :bEditorial Universitaria,c2015. a1 recurso en línea (vii, 82 páginas) :bgráficos atextobtxt2rdacontent/spa acomputadorabc2rdamedia/spa arecurso en líneabcr2rdacarrier/spa aTesisbDoctor en Ciencias MédicascInstituto Superior de Ciencias Médicas de La Habanad2013. aContiene referencias bibliográficas. aDescripción basada en recurso en línea; Título de la página del título en PDF (e-libro, visto March 11, 2015). 0aMyopia. 0aEyexSurgery. 4aVista. 4aCirugía. 4aLibros electrónicos.1 aHernández Silva, Juan Raúl,etutor.40uhttps://elibro.net/ereader/politecnicointernacional/90807